000 00714nam a2200181Ia 4500
008 100917s9999 xx 000 0 und d
082 _b22579
100 _aअुजळंबकर कृष्ण मुकुंद
245 _aगं्रथालय शास्त्राची पाच सुत्रे
260 _bविदर्भ मराठा प्रकाशन
_c1962
300 _a56
365 _b1.8
520 _aनिबंध
630 _aगं्रथालय शास्त्राची पाच सुत्रे
650 _aनिबंध
730 _aगं्रथालय शास्त्राची पाच सुत्रे
942 _cBOOK
999 _c627973
_d627970